000 00498nam a2200133Ia 4500
008 220620s9999||||xx |||||||||||||| ||und||
100 _aMakasa, Emmanuel Malabo
245 0 _aHealth is wealth (Volume 3)
546 _aEnglish[eng]
650 _aBusiness & Economics||Finance
700 _aEuropean Investment Bank
856 _uhttps://library.oapen.org/bitstream/20.500.12657/47426/1/QH0319393ENN.en.pdf||https://library.oapen.org/bitstream/20.500.12657/47426/1/QH0319393ENN.en.pdf
942 _cEB
999 _c34266
_d34266